000 00679cam a22002413a 4500
001 6866
003 PGUSA
005 20140828083138.0
008 041101s2004||||xxu|||||s|||||000 1 eng d
040 _aPGUSA
_beng
042 _adc
050 4 _aPS
100 1 _aBaldwin, James,
_d1841-1925
245 1 4 _aThe Story of Siegfried
_h[electronic resource] /
_cJames Baldwin
260 _bProject Gutenberg,
_c2004
506 _aPublic domain in the USA.
516 _aElectronic text
653 _aSiegfried (Legendary character) -- Fiction
653 _aFantasy fiction
830 0 _aProject Gutenberg
_v6866
856 4 0 _uhttp://www.gutenberg.org/ebooks/6866
942 _cEB
999 _c236186
_d236186